000 01538cam a2200361 a 4500
999 _c7161
_d7161
001 2471438
003 GZU
005 20210505115640.0
008 900731s1992 enkb b 001 0 eng
010 _a 90045311
020 _a0521392543
040 _aDLC
_cDLC
_dDLC
043 _af-rh---
050 0 0 _aDT2988
_bKRI 1992
082 0 0 _a968.91/04
_220
100 1 _aKriger, Norma J.
245 1 0 _aZimbabwe's guerrilla war :
_bpeasant voices /
_cNorma J. Kriger.
260 _aCambridge ;
_aNew York :
_bCambridge University Press,
_c1992.
300 _ax, 303 p. :
_bmaps ;
_c23 cm.
440 0 _aAfrican studies series ;
_v70
504 _aIncludes bibliographical references (p. 277-295) and index.
610 2 0 _aZimbabwe African National Union
_xPublic opinion
_xHistory
_y20th century.
650 0 _aPeasants
_zZimbabwe.
650 0 _aGuerrillas
_zZimbabwe
_xHistory
_y20th century.
650 0 _aPeasants
_zZimbabwe
_xAttitudes
_xHistory
_y20th century.
650 0 _aPublic opinion
_zZimbabwe
_xHistory
_y20th century.
651 0 _aZimbabwe
_xHistory
_yChimurenga War, 1966-1980
_xPublic opinion.
856 4 2 _3Publisher description
_uhttp://www.loc.gov/catdir/enhancements/fy0834/90045311-d.html
856 4 1 _3Table of contents only
_uhttp://www.loc.gov/catdir/enhancements/fy0838/90045311-t.html
906 _a7
_bcbc
_corignew
_d1
_eocip
_f19
_gy-gencatlg
942 _cBK
_hDT
_i2988 KRI 1992
_kauthor